000
00289nam a2200109Ia 4500
008
230907s9999||||xx |||||||||||||| ||und||
082
_a
621.38153,OPT
100
_a
Sha, Zhanyou,
_9
115204
245
0
_a
Optimal design of switching power supply /
300
_a
xiv, 416 pages :
942
_c
BK
999
_c
597841
_d
597841